Kubi Producent - +18 - Statystyki

Ogólne statystyki
  • Ten quiz został rozwiązany 42 razy
  • Średni wynik to 10 z 18
Statystyki odpowiedzi
Numer Gość Utwór % Poprawnych
1 Żabson i Young Multi Superman
96%
6 Beteo, Reto i Siles Bad Boy
74%
9 Otsochodzi, Schafter i PlanBe 9 Żyć
70%
11 Gedz, Jan-rapowanie i Solar Golem
67%
14 Białas, Borixon i Malik Montana Lifestyle
63%
2 White 2115 Marlboro
63%
17 Żabson i Sapi Tha King Pozdro
63%
15 Adi Nowak i White 2115 Chemia Miłości
59%
12 Flexxy 2115, Kuqe 2115 i Sapi Tha King Hajs
52%
13 Zeamsone Królowe
52%
4 Kizo, Major SPZ i Szpaku Mały Świat
44%
3 Kaz Bałagane Pracownik Roku
44%
8 Beteo, Blacha i Kuqe 2115 Kiedy Byłem Mały
41%
5 Kosa i Vic Miasto
41%
7 Alcomindz Mafia i Szopen Salut
41%
16 Coals Good Bye
37%
18 Introdukcja
37%
10 Beszczel, KaeN i Ptakova Nie Zatrzymuj Mnie
33%
Nie znaleziono quizów pasujących do podanych kryteriów
Rozkład punktacji
Procent ludzi z każdym wynikiem
Percentyl według liczby udzielonych odpowiedzi
Twoja historia wyników
Nie rozwiązałeś tego quizu